[Event "NED-ch U20 Girls"]
[Site "Assen"]
[Date "2018.05.03"]
[Round "5"]
[White "Den Dunnen, Lola"]
[Black "Duson, Robin"]
[Result "0-1"]
[WhiteElo "1912"]
[BlackElo "1920"]
[PlyCount "142"]
[EventDate "2018.04.29"]
[EventType "swiss"]
[EventRounds "7"]
[EventCountry "NED"]
[SourceTitle "CBM 184 Extra"]
[Source "ChessBase"]
[SourceDate "2018.06.28"]
[SourceVersion "1"]
[SourceVersionDate "2018.06.28"]
[SourceQuality "1"]

1. d4 Nf6 2. c4 e6 3. Nc3 Bb4 4. e3 0-0 5. Nge2 d5 6. a3 Bd6 7. cxd5 exd5 8. Ng3 Re8 9. Bd3 b6 10. b4 c6 11. 0-0 Nbd7 12. Qc2 Bb7 13. e4 dxe4 14. Ngxe4 Bc7 15. Bg5 h6 16. Be3 Nxe4 17. Bxe4 Nf6 18. Bf3 Qd7 19. g3 Bd6 20. Rfd1 Rac8 21. Qd3 Bb8 22. Bg2 Rcd8 23. Rac1 Re7 24. b5 cxb5 25. Bxb7 Qxb7 26. Qxb5 Qf3 27. Qe2 Qxe2 28. Nxe2 Nd5 29. Rd3 Rde8 30. Nf4 Bxf4 31. Bxf4 Re1+ 32. Rxe1 Rxe1+ 33. Kg2 Nxf4+ 34. gxf4 Kf8 35. d5 Ke7 36. Kf3 Kd6 37. h4 f5 38. Rc3 Re7 39. Rd3 h5 40. Kg2 g6 41. Rg3 Rg7 42. Rd3 Rf7 43. Kf1 Rf6 44. Ke2 Kc5 45. Kd2 Rd6 46. Kc3 Rxd5 47. Rg3 Rd6 48. Rg1 Re6 49. Kb3 b5 50. Rc1+ Kb6 51. Rg1 a6 52. Rg3 Kc5 53. Rg1 Kd6 54. Kb4 Ke7 55. Ka5 Kf7 56. Rc1 Re4 57. Kxa6 Ra4+ 58. Kxb5 Rxa3 59. Rc7+ Kf6 60. Rc6+ Kg7 61. Rc7+ Kh6 62. Kc5 Ra4 63. Kd5 Rxf4 64. Ke5 Rxh4 65. Kf6 Ra4 66. f4 Ra6+ 67. Kf7 h4 68. Rc1 Kh5 69. Rg1 h3 70. Re1 Kg4 71. Rh1 Kg3 0-1

[Event "Hoogeveen op 21st"]
[Site "Hoogeveen"]
[Date "2017.10.24"]
[Round "5"]
[White "Lindeman, Johan W"]
[Black "Den Dunnen, Lola"]
[Result "1/2-1/2"]
[WhiteElo "2004"]
[BlackElo "1862"]
[PlyCount "168"]
[EventDate "2017.10.21"]
[EventType "swiss"]
[EventRounds "9"]
[EventCountry "NED"]
[SourceTitle "CBM 181 Extra"]
[Source "ChessBase"]
[SourceDate "2017.12.12"]
[SourceVersion "1"]
[SourceVersionDate "2017.12.12"]
[SourceQuality "1"]

1. e4 e5 2. Nf3 Nc6 3. Bb5 a6 4. Ba4 Nf6 5. d3 d6 6. c3 g6 7. 0-0 Bg7 8. Re1 0-0 9. Nbd2 b5 10. Bb3 Na5 11. Bc2 c5 12. Nf1 Qc7 13. Ng3 Nc6 14. h3 Be6 15. Be3 Rac8 16. Qd2 Nd4 17. Bd1 Nxf3+ 18. Bxf3 d5 19. Bh6 d4 20. Bxg7 Kxg7 21. cxd4 cxd4 22. Nf5+ Bxf5 23. exf5 Rfe8 24. Rac1 Qe7 25. Rxc8 Rxc8 26. fxg6 hxg6 27. Qe2 Re8 28. g3 Qc7 29. Qd2 Rc8 30. b4 Qc2 31. Re2 Qb1+ 32. Re1 Rc2 33. Rxb1 Rxd2 34. a4 bxa4 35. Ra1 Rxd3 36. Be2 Rb3 37. Rxa4 d3 38. Bxd3 Rxd3 39. Rxa6 Rb3 40. Rb6 Nd5 41. Rb5 Nxb4 42. Rxe5 Rb2 43. Re3 Rd2 44. Kf1 Nd5 45. Rf3 Ra2 46. Rd3 Nf6 47. Re3 Nh7 48. Kg2 Ng5 49. h4 Ne6 50. Kg1 Kh6 51. Kg2 Kh5 52. Re4 Ra5 53. Rb4 Ra7 54. Rb5+ Kh6 55. Rb2 g5 56. hxg5+ Kxg5 57. Rb5+ Kg6 58. Rb2 Ra5 59. Rd2 Kg5 60. Rb2 f5 61. Re2 Nf8 62. Rb2 Nh7 63. Rc2 Nf6 64. Rb2 Ra3 65. Rc2 Kg4 66. Rb2 Rd3 67. Ra2 Ne4 68. Re2 Rd2 69. f3+ Kg5 70. Rxd2 Nxd2 71. Kf2 Nc4 72. Ke2 Nd6 73. Ke3 Ne8 74. Kf2 Kf6 75. Ke3 Ke5 76. Kd3 Nf6 77. Ke3 Nh5 78. Kf2 Nf6 79. Ke3 Nd7 80. Kd3 Nc5+ 81. Ke3 Na6 82. f4+ Kf6 83. Kf3 Nc7 84. g4 Ke6 1/2-1/2

[Event "Hoogeveen op 21st"]
[Site "Hoogeveen"]
[Date "2017.10.23"]
[Round "3"]
[White "Engel, Robert"]
[Black "Den Dunnen, Lola"]
[Result "1/2-1/2"]
[WhiteElo "1973"]
[BlackElo "1862"]
[PlyCount "73"]
[EventDate "2017.10.21"]
[EventType "swiss"]
[EventRounds "9"]
[EventCountry "NED"]
[SourceTitle "CBM 181 Extra"]
[Source "ChessBase"]
[SourceDate "2017.12.12"]
[SourceVersion "1"]
[SourceVersionDate "2017.12.12"]
[SourceQuality "1"]

1. e4 e5 2. Nf3 Nc6 3. Nc3 Nf6 4. Be2 Be7 5. d4 d6 6. h3 0-0 7. 0-0 Re8 8. Re1 Bf8 9. Bb5 a6 10. Bxc6 bxc6 11. dxe5 dxe5 12. Qxd8 Rxd8 13. Nxe5 Bb7 14. Bf4 Nh5 15. Be3 Bb4 16. Nd3 a5 17. a3 Bxc3 18. bxc3 Ba6 19. Nc5 Bc4 20. Rab1 Rdb8 21. e5 g6 22. g4 Ng7 23. Nd7 Rxb1 24. Nf6+ Kh8 25. Rxb1 Ne6 26. f4 Bb5 27. Rd1 Rd8 28. Rxd8+ Nxd8 29. f5 gxf5 30. gxf5 Ba4 31. Ne8 Bxc2 32. Bg5 Nb7 33. e6 fxe6 34. fxe6 Bg6 35. Nxc7 Nd6 36. Kf2 Ne4+ 37. Ke3 1/2-1/2

[Event "Hoogeveen op 21st"]
[Site "Hoogeveen"]
[Date "2017.10.21"]
[Round "1"]
[White "Pajeken, Jakob Leon"]
[Black "Den Dunnen, Lola"]
[Result "1-0"]
[WhiteElo "2203"]
[BlackElo "1862"]
[PlyCount "81"]
[EventDate "2017.10.21"]
[EventType "swiss"]
[EventRounds "9"]
[EventCountry "NED"]
[SourceTitle "CBM 181 Extra"]
[Source "ChessBase"]
[SourceDate "2017.12.12"]
[SourceVersion "1"]
[SourceVersionDate "2017.12.12"]
[SourceQuality "1"]

1. e4 e5 2. Nf3 Nc6 3. Bb5 a6 4. Ba4 Nf6 5. d3 d6 6. a3 Be7 7. h3 0-0 8. 0-0 b5 9. Bb3 Be6 10. c3 Bxb3 11. Qxb3 Na5 12. Qc2 c5 13. Nbd2 Rc8 14. Re1 Qc7 15. b3 c4 16. dxc4 bxc4 17. b4 Nb3 18. Rb1 Nxc1 19. Rbxc1 Nh5 20. g3 Qd7 21. Kh2 g5 22. Nf1 f5 23. exf5 Qxf5 24. Qxf5 Rxf5 25. N1d2 Rf7 26. Kg2 Rcf8 27. Re4 Nf6 28. Re2 e4 29. Nxg5 d5 30. Nxf7 Rxf7 31. Nf1 Bf8 32. Rd1 Bh6 33. Ne3 Bxe3 34. Rxe3 Kf8 35. f3 Re7 36. fxe4 dxe4 37. Rd4 Kf7 38. g4 h6 39. Kg3 Re5 40. Rxc4 a5 41. Kf4 1-0

[Event "Hoogeveen Unive op 20th"]
[Site "Hoogeveen"]
[Date "2016.10.22"]
[Round "9"]
[White "Den Dunnen, Lola"]
[Black "Van Dael, Siem"]
[Result "0-1"]
[WhiteElo "1890"]
[BlackElo "1995"]
[PlyCount "84"]
[EventDate "2016.10.15"]
[EventType "swiss"]
[EventRounds "9"]
[EventCountry "NED"]
[SourceTitle "EXT 2017"]
[Source "ChessBase"]
[SourceDate "2016.10.25"]
[SourceVersion "1"]
[SourceVersionDate "2016.10.25"]
[SourceQuality "1"]

1. d4 Nf6 2. c4 g6 3. Nc3 Bg7 4. e4 d6 5. h3 0-0 6. Be3 e5 7. d5 Qe8 8. Be2 a5 9. Nf3 Nh5 10. g3 f5 11. exf5 gxf5 12. g4 fxg4 13. hxg4 Nf4 14. Ng5 Qg6 15. Bxf4 Rxf4 16. Ne6 Bxe6 17. dxe6 Qxe6 18. Nd5 Rf7 19. Qc2 e4 20. 0-0-0 Nc6 21. g5 Nd4 22. Qd2 c6 23. Nf6+ Bxf6 24. gxf6 Nxe2+ 25. Qxe2 Rxf6 26. Qh5 Qxc4+ 27. Kb1 Qf7 28. Qxf7+ Rxf7 29. Rxd6 Rxf2 30. Rd7 e3 31. Re7 e2 32. Re1 Raf8 33. R1xe2 Rxe2 34. Rxe2 Kg7 35. Kc2 h5 36. Re5 h4 37. Rg5+ Kh6 38. Rxa5 h3 39. Ra3 Rf2+ 40. Kc1 h2 41. Rh3+ Kg5 42. Rh8 Rf1+ 0-1

[Event "Murmansk Basamro U16 4th"]
[Site "Murmansk"]
[Date "2016.10.06"]
[Round "1.2"]
[White "Den Dunnen, Lola"]
[Black "Petrushev, Nikita"]
[Result "0-1"]
[WhiteElo "1890"]
[BlackElo "2221"]
[PlyCount "96"]
[EventDate "2016.10.06"]
[EventType "team-tourn"]
[EventRounds "5"]
[EventCountry "RUS"]
[SourceTitle "EXT 2017"]
[Source "ChessBase"]
[SourceDate "2016.10.25"]
[SourceVersion "1"]
[SourceVersionDate "2016.10.25"]
[SourceQuality "1"]
[WhiteTeam "Rotterdam"]
[BlackTeam "Leningrad Region"]
[WhiteTeamCountry "NED"]
[BlackTeamCountry "RUS"]

1. d4 Nf6 2. c4 g6 3. Nc3 d5 4. cxd5 Nxd5 5. e4 Nxc3 6. bxc3 Bg7 7. Qa4+ Qd7 8. Qb3 0-0 9. Nf3 c5 10. Be3 cxd4 11. cxd4 Nc6 12. Rd1 Qd6 13. a3 Bg4 14. e5 Qc7 15. Be2 Qa5+ 16. Bd2 Qb6 17. Qa4 Bxf3 18. Bxf3 Nxd4 19. Be4 Bxe5 20. Rb1 Qe6 21. Rxb7 Bg7 22. f3 f5 23. Bb4 fxe4 24. Rxe7 Qf6 25. Rxe4 Nxf3+ 26. gxf3 Qxf3 27. Bxf8 Qxh1+ 28. Ke2 Rxf8 29. Re8 Qf1+ 30. Kd2 Qf2+ 31. Kd3 Qf5+ 32. Ke2 Qf2+ 33. Kd3 Qf1+ 34. Kc2 Qg2+ 35. Kd3 Qh3+ 36. Ke2 Qxh2+ 37. Kd3 Qg3+ 38. Ke2 Qf2+ 39. Kd3 Qd4+ 40. Qxd4 Bxd4 41. Rxf8+ Kxf8 42. Kxd4 h5 43. Ke5 h4 44. Kf4 Kf7 45. Kg4 g5 46. a4 Kg6 47. a5 a6 48. Kf3 Kf5 0-1

[Event "NED-ch U18 Girls"]
[Site "Rotterdam"]
[Date "2016.05.03"]
[Round "3"]
[White "Dubbeldam, Lydia"]
[Black "Den Dunnen, Lola"]
[Result "0-1"]
[WhiteElo "1683"]
[BlackElo "1952"]
[PlyCount "90"]
[EventDate "2016.05.01"]
[EventType "tourn"]
[EventRounds "7"]
[EventCountry "NED"]
[SourceTitle "CBM 172 Extra"]
[Source "ChessBase"]
[SourceDate "2016.06.21"]
[SourceVersion "1"]
[SourceVersionDate "2016.06.21"]
[SourceQuality "1"]

1. e4 e5 2. Nf3 Nc6 3. d4 exd4 4. Nxd4 Bc5 5. Be3 Qf6 6. c3 Nge7 7. Qf3 Qxf3 8. gxf3 d6 9. Rg1 Rg8 10. Nb5 Kd8 11. Nd2 a6 12. Nd4 Ne5 13. Be2 Ba7 14. f4 N5c6 15. Bc4 Ke8 16. 0-0-0 Na5 17. Bd3 c5 18. N4f3 g6 19. Nc4 Nxc4 20. Bxc4 b5 21. Bb3 c4 22. Bc2 Bb8 23. Nh4 Bb7 24. Rd2 Bc7 25. f5 Nc6 26. Bf4 Ne5 27. Rg3 Ke7 28. Ng2 f6 29. Ne3 g5 30. Bxe5 fxe5 31. Nd5+ Bxd5 32. Rxd5 Kf6 33. Bd1 Rad8 34. a4 Rb8 35. b3 bxa4 36. bxa4 Rb6 37. Be2 Rgb8 38. Bxc4 Rb1+ 39. Kd2 R8b2+ 40. Ke3 Bb6+ 41. Kf3 Rxf2+ 42. Kg4 h5+ 43. Kxh5 Rxh2+ 44. Kg4 Rh4+ 45. Kf3 Rf4+ 0-1

[Event "NED-ch U18 Girls"]
[Site "Rotterdam"]
[Date "2016.05.02"]
[Round "4"]
[White "Den Dunnen, Lola"]
[Black "De Vries, Emma"]
[Result "1/2-1/2"]
[WhiteElo "1952"]
[BlackElo "1599"]
[PlyCount "143"]
[EventDate "2016.05.01"]
[EventType "tourn"]
[EventRounds "7"]
[EventCountry "NED"]
[SourceTitle "CBM 172 Extra"]
[Source "ChessBase"]
[SourceDate "2016.06.21"]
[SourceVersion "1"]
[SourceVersionDate "2016.06.21"]
[SourceQuality "1"]

1. d4 Nf6 2. c4 e6 3. Nc3 Bb4 4. Qc2 0-0 5. a3 Bxc3+ 6. Qxc3 Ne4 7. Qc2 f5 8. e3 b6 9. Bd3 Bb7 10. Ne2 Qh4 11. Ng3 c5 12. 0-0 Rf6 13. Bxe4 fxe4 14. Qe2 Rh6 15. h3 Nc6 16. Qg4 Qxg4 17. hxg4 Ne7 18. Bd2 Rf8 19. b4 Rg6 20. bxc5 bxc5 21. dxc5 Rxg4 22. Bb4 Bc6 23. Rab1 Nf5 24. Nxf5 Rxf5 25. Rfc1 Rfg5 26. g3 h5 27. Kf1 Rf5 28. Ke2 h4 29. gxh4 Rg2 30. Be1 Rh2 31. Rb8+ Kh7 32. Rc8 Rxc5 33. Rc7 a5 34. Rc8 Rxh4 35. Kd2 Rhh5 36. Ke2 Bb7 37. Rd8 d5 38. Bc3 Ba6 39. Rg1 Bxc4+ 40. Kd2 Rc7 41. Bxa5 Rf7 42. Ke1 Rh2 43. Bc3 Bd3 44. Rb8 Rc7 45. Bb2 Rh5 46. a4 Rf5 47. Rh1+ Kg6 48. Rg1+ Rg5 49. Rxg5+ Kxg5 50. a5 g6 51. Rb6 Kf5 52. Kd2 Rc2+ 53. Kd1 Rxf2 54. Rb8 Kg4 55. Bd4 Ra2 56. Rg8 g5 57. Bb6 Rf2 58. Bd8 Rf5 59. Rg6 Rf8 60. Rxg5+ Kf3 61. Bb6 Rc8 62. Rg7 Ra8 63. Re7 Bc4 64. Rxe6 d4 65. Rf6+ Kxe3 66. Rd6 Kf3 67. Rxd4 Be2+ 68. Kd2 e3+ 69. Kc3 Ba6 70. Rd8 Rxd8 71. Bxd8 e2 72. Bh4 1/2-1/2

[Event "NED-ch U21/U17 Girls"]
[Site "Rotterdam"]
[Date "2015.05.06"]
[Round "6"]
[White "Waardenburg, Lisanne"]
[Black "Den Dunnen, Lola"]
[Result "0-1"]
[WhiteElo "1665"]
[BlackElo "1724"]
[PlyCount "112"]
[EventDate "2015.05.02"]
[EventType "swiss"]
[EventRounds "9"]
[EventCountry "NED"]
[SourceTitle "EXT 2016"]
[Source "ChessBase"]
[SourceDate "2015.10.08"]
[SourceVersion "1"]
[SourceVersionDate "2015.10.08"]
[SourceQuality "1"]

1. e4 e5 2. Nf3 Nc6 3. d4 exd4 4. Bc4 Nf6 5. e5 Ne4 6. Qe2 Nc5 7. 0-0 Be7 8. Rd1 Ne6 9. Bxe6 dxe6 10. Be3 Bd7 11. Bxd4 Nxd4 12. Nxd4 0-0 13. Nc3 Qc8 14. Rd3 a6 15. Rad1 Rd8 16. Ne4 c5 17. Rc3 Qb8 18. Nxc5 Be8 19. Ncb3 Rd5 20. Re3 Qc7 21. Re1 Rad8 22. c3 b5 23. Qg4 a5 24. Nc1 b4 25. Nce2 bxc3 26. bxc3 Rxe5 27. Rg3 Rg5 28. Qe4 Rxg3 29. Nxg3 Bf6 30. Nh5 Qxc3 31. Nxf6+ gxf6 32. Qg4+ Kh8 33. Nf3 Bc6 34. Rb1 Bxf3 35. Qxf3 Qxf3 36. gxf3 Rd2 37. Ra1 a4 38. a3 Rd3 39. Kg2 Kg7 40. Ra2 Kg6 41. Kg3 e5 42. Kg2 Kg5 43. h3 h5 44. Ra1 Kf4 45. Rb1 Rxa3 46. Rb7 f5 47. Rxf7 Rb3 48. Ra7 a3 49. Ra4+ e4 50. fxe4 fxe4 51. Ra5 h4 52. Ra4 Ke5 53. Ra5+ Kd4 54. Ra4+ Kd3 55. f4 Rb2+ 56. Kf1 a2 0-1

[Event "NED-ch U17"]
[Site "Rotterdam"]
[Date "2014.04.29"]
[Round "4"]
[White "De Feijter, Bas"]
[Black "Den Dunnen, Lola"]
[Result "1-0"]
[WhiteElo "1880"]
[BlackElo "1705"]
[PlyCount "131"]
[EventDate "2014.04.26"]
[EventType "swiss"]
[EventRounds "9"]
[EventCountry "NED"]
[SourceTitle "EXT 2016"]
[Source "ChessBase"]
[SourceDate "2015.10.08"]
[SourceVersion "1"]
[SourceVersionDate "2015.10.08"]
[SourceQuality "1"]

1. e4 e5 2. Nf3 Nc6 3. Bc4 Nf6 4. d3 Be7 5. c3 0-0 6. 0-0 d5 7. exd5 Nxd5 8. Re1 Bg4 9. h3 Bh5 10. Nbd2 Kh8 11. Ne4 f6 12. Ng3 Bg6 13. Nh4 Bf7 14. Nhf5 Bc5 15. Qg4 Bg6 16. Nh4 Nde7 17. Nxg6+ Nxg6 18. b4 Bb6 19. Nf5 Nce7 20. Qh5 Nxf5 21. Qxf5 Qd6 22. Qf3 c6 23. Qh5 a5 24. bxa5 Bxa5 25. Bd2 b5 26. Bb3 Qxd3 27. Rad1 Qd7 28. Bc2 Qf7 29. Qf5 Qxa2 30. Re3 Qg8 31. Rg3 Ne7 32. Qd7 Rfe8 33. Rg4 Qd5 34. Bh6 Qxd7 35. Bxg7+ Kg8 36. Rxd7 h5 37. Rg3 Rad8 38. Bxf6+ Kf7 39. Rxd8 Bxd8 40. Bxe5 Ke6 41. Bd4 Nd5 42. Bg6 Rf8 43. Bxh5 Nf4 44. Re3+ Kd7 45. Bg4+ Kc7 46. g3 Nd5 47. Rf3 Re8 48. Rf7+ Be7 49. Bf3 Kd6 50. Rf5 Bd8 51. Bxd5 cxd5 52. h4 Re1+ 53. Kg2 Rd1 54. Rf4 Ke6 55. Kh3 Bc7 56. Rf6+ Ke7 57. Rh6 Kd7 58. Bh8 Rd3 59. Ra6 Rd2 60. Kg2 Kc8 61. h5 Kb7 62. Rf6 Ba5 63. Rf7+ Kc6 64. h6 b4 65. cxb4 Bxb4 66. h7 1-0

[Event "NED-ch U17"]
[Site "Rotterdam"]
[Date "2014.04.28"]
[Round "3"]
[White "Van Baar, Esper"]
[Black "Den Dunnen, Lola"]
[Result "1-0"]
[WhiteElo "1851"]
[BlackElo "1705"]
[PlyCount "70"]
[EventDate "2014.04.26"]
[EventType "swiss"]
[EventRounds "9"]
[EventCountry "NED"]
[SourceTitle "EXT 2016"]
[Source "ChessBase"]
[SourceDate "2015.10.08"]
[SourceVersion "1"]
[SourceVersionDate "2015.10.08"]
[SourceQuality "1"]

1. e4 e5 2. Nf3 Nc6 3. d4 exd4 4. Bc4 Nf6 5. e5 Ne4 6. Bd5 Nc5 7. Bxc6 dxc6 8. Nxd4 Be7 9. 0-0 0-0 10. Nc3 Re8 11. f4 f6 12. Re1 fxe5 13. fxe5 Bh4 14. g3 Bg5 15. Nf3 Qxd1 16. Nxd1 Bxc1 17. Rxc1 Bg4 18. Nd2 Re6 19. Ne3 Bh5 20. g4 Bg6 21. Nec4 Rae8 22. Nf3 R6e7 23. Re2 Ne6 24. Na5 Nd8 25. Rd1 Bf7 26. Red2 Bd5 27. Kf2 Rf8 28. Rd3 Ne6 29. Kg3 Nc5 30. Re3 Ne4+ 31. Kh4 h6 32. g5 Rf4+ 33. Kh3 Nf2+ 34. Kg3 Nxd1 35. Kxf4 Rf7+ 1-0

[Event "NED-ch U17"]
[Site "Rotterdam"]
[Date "2014.04.27"]
[Round "2"]
[White "Den Dunnen, Lola"]
[Black "Mesman, Edwyn"]
[Result "1/2-1/2"]
[WhiteElo "1705"]
[BlackElo "1787"]
[PlyCount "74"]
[EventDate "2014.04.26"]
[EventType "swiss"]
[EventRounds "9"]
[EventCountry "NED"]
[SourceTitle "EXT 2016"]
[Source "ChessBase"]
[SourceDate "2015.10.08"]
[SourceVersion "1"]
[SourceVersionDate "2015.10.08"]
[SourceQuality "1"]

1. d4 d6 2. c4 Nf6 3. Nc3 g6 4. e4 Bg7 5. h3 Na6 6. Be3 0-0 7. Nf3 Nd7 8. a3 e5 9. d5 b6 10. Be2 Kh8 11. g4 Nf6 12. Qc2 Bd7 13. Nd2 Nc5 14. 0-0-0 a6 15. Rdg1 Qe8 16. h4 b5 17. h5 Kg8 18. h6 Bh8 19. g5 Nh5 20. Bxh5 gxh5 21. Rxh5 bxc4 22. Bxc5 dxc5 23. Nxc4 Bb5 24. Ne3 Rb8 25. f3 Rb6 26. Qg2 Qd7 27. Ng4 Rg6 28. Qh2 Qe7 29. Ne3 Rb8 30. Nf5 Qf8 31. Nh4 Rgb6 32. Nf5 Bc4 33. Na4 Rb5 34. Ne3 Bb3 35. Nc3 R5b6 36. Ng4 Qd6 37. Nf6+ Kf8 1/2-1/2

[Event "Amsterdam Science Park op-C 3rd"]
[Site "Amsterdam"]
[Date "2013.07.13"]
[Round "8"]
[White "Kleijn, Istvan"]
[Black "Den Dunnen, Lola"]
[Result "1-0"]
[WhiteElo "1567"]
[BlackElo "1599"]
[PlyCount "165"]
[EventDate "2013.07.06"]
[EventType "swiss"]
[EventRounds "9"]
[EventCountry "NED"]
[SourceTitle "CBM 155 Extra"]
[Source "ChessBase"]
[SourceDate "2013.08.26"]
[SourceVersion "1"]
[SourceVersionDate "2013.08.26"]
[SourceQuality "1"]

1. e4 e5 2. Nf3 Nc6 3. Bb5 a6 4. Ba4 Nf6 5. 0-0 Be7 6. Re1 b5 7. Bb3 0-0 8. c3 d5 9. exd5 Nxd5 10. Nxe5 Nxe5 11. Rxe5 c6 12. d4 Bd6 13. Re1 Qh4 14. g3 Qh3 15. Re4 Qd7 16. Nd2 f5 17. Re1 f4 18. Qh5 Bb7 19. Nf3 Rf5 20. Qh3 Qf7 21. Bc2 Rh5 22. Qe6 Rh6 23. Qxf7+ Kxf7 24. Ne5+ Kg8 25. gxf4 Rf6 26. Bb3 Kh8 27. Bxd5 cxd5 28. Bd2 Bc8 29. Kg2 Bf5 30. Re3 Bxe5 31. Rxe5 Rg6+ 32. Kf3 Be4+ 33. Ke3 Rd6 34. f3 Bg6 35. f5 Bf7 36. Kf4 Rf6 37. Rae1 Kg8 38. b3 Rc8 39. R1e3 Kf8 40. Bc1 Rfc6 41. Ba3+ Kg8 42. Bc5 Rb8 43. Re7 Rf6 44. Ra7 g6 45. Re5 Re8 46. Rae7 Ra8 47. Kg5 Rc6 48. Rb7 Re8 49. Rxe8+ Bxe8 50. Rb8 Kf7 51. Rb7+ Kg8 52. Rb8 Kf7 53. Rd8 gxf5 54. Rxd5 Rg6+ 55. Kxf5 Rh6 56. Re5 Bd7+ 57. Kg5 Rg6+ 58. Kf4 Bc8 59. Re7+ Kf6 60. Rxh7 Rg2 61. a4 bxa4 62. bxa4 Ra2 63. Rh8 Bb7 64. Rb8 Bd5 65. Rb6+ Kf7 66. Rxa6 Rxh2 67. Kg3 Rd2 68. Rd6 Ba8 69. a5 Rd3 70. Bb4 Rxf3+ 71. Kg4 Rf1 72. Rd7+ Kg6 73. d5 Rd1 74. d6 Be4 75. Kf4 Bf5 76. Ra7 Rf1+ 77. Ke5 Re1+ 78. Kd4 Be6 79. Kc5 Re5+ 80. Kb6 Rd5 81. a6 Bc8 82. Rc7 Bxa6 83. Kxa6 1-0

[Event "Amsterdam Science Park op-C 3rd"]
[Site "Amsterdam"]
[Date "2013.07.10"]
[Round "5"]
[White "Veenstra, Frits"]
[Black "Den Dunnen, Lola"]
[Result "1/2-1/2"]
[WhiteElo "1733"]
[BlackElo "1599"]
[PlyCount "99"]
[EventDate "2013.07.06"]
[EventType "swiss"]
[EventRounds "9"]
[EventCountry "NED"]
[SourceTitle "CBM 155 Extra"]
[Source "ChessBase"]
[SourceDate "2013.08.26"]
[SourceVersion "1"]
[SourceVersionDate "2013.08.26"]
[SourceQuality "1"]

1. d4 Nf6 2. c4 e6 3. Nf3 Bb4+ 4. Nbd2 d5 5. a3 Be7 6. Qc2 c5 7. e3 0-0 8. Be2 Nc6 9. 0-0 b6 10. Rd1 Bb7 11. cxd5 Nxd5 12. Ne4 cxd4 13. exd4 Rc8 14. Neg5 Nf6 15. Qa4 h6 16. Nh3 Qc7 17. Bf4 Bd6 18. Bxd6 Qxd6 19. Ba6 Bxa6 20. Qxa6 Rfd8 21. Qe2 Qb8 22. Rac1 Rd5 23. Rc3 Qb7 24. Nf4 Rd6 25. Rdc1 Rcd8 26. Qc2 Nxd4 27. Nxd4 Rxd4 28. Rc7 Qe4 29. Qxe4 Nxe4 30. Rc8 Rxc8 31. Rxc8+ Kh7 32. g3 Rd7 33. h4 e5 34. Ne2 Rd2 35. Nc3 Nxf2 36. Rc7 Rxb2 37. Rxf7 Nd3 38. Rxa7 Rb3 39. Ne4 Kg6 40. Kf1 b5 41. Ke2 Nc1+ 42. Kd2 Na2 43. g4 h5 44. Ra6+ Kf7 45. gxh5 Rb2+ 46. Ke3 Rh2 47. Ng5+ Kf8 48. Nf3 Rh3 49. Rc6 b4 50. Rc2 1/2-1/2